Biblioteca y Centro de Documentación

Europa del sud (Registro nro. 48751)

Detalles MARC
000 -CABECERA
Longitud fija campo de control 01178naa a2200313 c 4500
001 - NÚMERO DE CONTROL
Número de control 48751
003 - IDENTIFICADOR DE NÚMERO DE CONTROL
Identificador del número de control ES-MaCES
005 - FECHA Y HORA DE LA ÚLTIMA TRANSACCIÓN
Fecha y hora de la última transacción 20161230154212.0
008 - CAMPO FIJO DE DESCRIPCIÓN FIJA--INFORMACIÓN GENERAL
Códigos de información de longitud fija   161230s2016 it ||||| t||||||| ||ita d
040 ## - FUENTE DE CATALOGACIÓN
Centro catalogador de origen ES-MaCES
Lengua de catalogación spa
Centro transcriptor ES-MaCES
Centro modificado ES-MaCES
245 00 - MENCIÓN DE TÍTULO
Título Europa del sud
Resto del título : la regolazione sociale dell'economia nel capitalismo mediterraneo
Mención de responsabilidad, etc. A cura di Clementina Casula e Bruno Cattero
650 #4 - ASIENTO SECUNDARIO DE MATERIA--TÉRMINO DE MATERIA
9 (RLIN) 29186
Término de materia o nombre geográfico como elemento inicial desarrollo regional
650 #4 - ASIENTO SECUNDARIO DE MATERIA--TÉRMINO DE MATERIA
9 (RLIN) 29234
Término de materia o nombre geográfico como elemento inicial desarrollo económico y social
650 #4 - ASIENTO SECUNDARIO DE MATERIA--TÉRMINO DE MATERIA
9 (RLIN) 27025
Término de materia o nombre geográfico como elemento inicial política económica
650 #4 - ASIENTO SECUNDARIO DE MATERIA--TÉRMINO DE MATERIA
9 (RLIN) 27123
Término de materia o nombre geográfico como elemento inicial sistema económico
650 #4 - ASIENTO SECUNDARIO DE MATERIA--TÉRMINO DE MATERIA
9 (RLIN) 28299
Término de materia o nombre geográfico como elemento inicial empleo
650 #4 - ASIENTO SECUNDARIO DE MATERIA--TÉRMINO DE MATERIA
9 (RLIN) 28230
Término de materia o nombre geográfico como elemento inicial innovación
650 #4 - ASIENTO SECUNDARIO DE MATERIA--TÉRMINO DE MATERIA
9 (RLIN) 29371
Término de materia o nombre geográfico como elemento inicial desigualdad económica
650 #4 - ASIENTO SECUNDARIO DE MATERIA--TÉRMINO DE MATERIA
9 (RLIN) 28632
Término de materia o nombre geográfico como elemento inicial inmigración
650 #4 - ASIENTO SECUNDARIO DE MATERIA--TÉRMINO DE MATERIA
9 (RLIN) 28255
Término de materia o nombre geográfico como elemento inicial normalización
650 #4 - ASIENTO SECUNDARIO DE MATERIA--TÉRMINO DE MATERIA
9 (RLIN) 31834
Término de materia o nombre geográfico como elemento inicial Europa Meridional
650 #4 - ASIENTO SECUNDARIO DE MATERIA--TÉRMINO DE MATERIA
9 (RLIN) 29050
Término de materia o nombre geográfico como elemento inicial país mediterráneo
653 10 - TÉRMINO DE INDEXACIÓN--NO CONTROLADO
Término no controlado Desarrollo regional
700 1# - ENCABEZAMIENTO SECUNDARIO--NOMBRE PERSONAL
9 (RLIN) 37682
Nombre de persona Casula, Clementina
700 1# - ENCABEZAMIENTO SECUNDARIO--NOMBRE PERSONAL
9 (RLIN) 9344
Nombre de persona Cattero, Bruno
773 0# - ENTRADA DE DOCUMENTO FUENTE
Itemnumber del ítem fuente 85410
Lugar, editor y fecha de publicación Milano (V.le Monza, 106, 20127) FrancoAngeli
Otro identificador del documento 088308
Título Sociologia del lavoro
Número de control del registro relacionado (ES-MaCES)25279
Parte(s) relacionada(s) n. 143 (2016) {10266 R. 088308} ; 154p.
902 ## - CES. TIPO DE DOCUMENTO
Tipodoc (006$c Sirtex) MON Monográfico de revista
942 ## - ELEMENTOS KOHA
Fuente de clasificaión o esquema Clasificación propia del CES
Koha [por defecto] tipo de item Artículos (1982-2017)
Parte de clasificación Desarrollo Regional

No hay ítems disponibles.

© CES, Consejo Económico y Social de España 2021